000 00444nam a2200181Ia 4500
001 19793
005 20260306172719.0
008 260306t2005||||xx |||||||||||||| ||spa||
041 _aESP
082 _a341.1
_bH62
100 _aHobbes, Thomas [1588-1679]
_eAUT
245 0 _aElementos de derecho natural y político
260 _c2005
300 _a352 páginas :
_c17 cm.
650 _aGEN
654 _aCDE
942 _cLIB
_dJUS
_fJUS
_2ddc
_n
999 _c19793
_d19793